000 00491nam a2200229Ia 4500
008 160525s9999||||xx |||||||||||||| ||und||
040 _cEnglish
082 _aXV.G/Ashok
082 _bBORI-72432
245 _aAesops Fables
300 _a48
300 _cA
300 _ePaprback
530 _bJaitely
530 _u00072432.pdf
563 _aStudy
630 _aAesops Fables
650 _aBiography
650 _aReference
730 _aAesops Fables
942 _cBOOK
999 _c1382809
_d1382806